000 00410nam a22001457a 4500
005 20250208152655.0
008 250208b |||||||| |||| 00| 0 eng d
020 _a9780721674681
050 _aRC683.5
_b.E5
100 _aKhan, M. Gabriel
245 _aRapid ECG Interpretation/
_cM. Gabriel Khan
260 _aPhiladelphia
_bW. B. Saunders Company
_c1997
300 _ax. 255p.
_bill.
_c21cm
942 _2lcc
_cBK
_n0
999 _c3682
_d3682